00725nam a22001697a 4500999001700000005001700017020002300034035002300057037001300080100001800093245008300111260004200194300002400236942002700260952013500287952013300422 c66236d6623620181218130738.0 a8177080024c380.00 aA-993298, A-993297 aDPLbENG aMathur, Vibha aForeign trade in India :bPolicy and developments 1950-2000 /cby Vibha Mathur aDelhibNew Century Publicationsc2000 axvi, 181p.c20 cms. 2ddccENh382.0954mMAT 001040708NFICaZLSbZLSd2012-05-05g380.00l1o382.0954 MATpA-993298r2019-11-24 00:00:00s2019-11-19v380.00w2012-05-05yEN 001040708NFICaBL1bBL1d2018-07-12eBPPD/PUBg380.00l0o382.0954 MATpA-993297r2018-07-12 00:00:00v380.00w2018-07-12yEN